Faculty of Law Library — Cairo University

Official Online Catalog

Économie industrielle. (Record no. 48436)

MARC details
000 -LEADER
fixed length control field 01271nam a2200349 i 4500
003 - CONTROL NUMBER IDENTIFIER
control field EG-GICUC
005 - DATE AND TIME OF LATEST TRANSACTION
control field 20260121101431.0
008 - FIXED-LENGTH DATA ELEMENTS--GENERAL INFORMATION
fixed length control field 251204s1921 fr ||||fr|||| 00| 0 fre d
040 ## - CATALOGING SOURCE
Original cataloging agency EG-GiCUC
Language of cataloging fre
Transcribing agency EG-GiCUC
Modifying agency EG-GiCUC
Description conventions Rda
041 0# - LANGUAGE CODE
Language code of text/sound track or separate title fre
082 04 - DEWEY DECIMAL CLASSIFICATION NUMBER
Edition number 21
Classification number 338
Item number RO . É
092 04 - LOCALLY ASSIGNED DEWEY CALL NUMBER (OCLC)
Edition number 21
099 ## - LOCAL FREE-TEXT CALL NUMBER (OCLC)
Classification number Law1 13 338 RO . É 8 ed - 1921
100 1# - MAIN ENTRY--PERSONAL NAME
Personal name Roscher, Wilhelm
Relator term Auteur
245 10 - TITLE STATEMENT
Title Économie industrielle.
Number of part/section of a work Tome 2 /
Remainder of title Par Wilhelm Roscher ; revue et augmentée par Wilhelm Stieda ; traduite par M. P. Hallier.
250 ## - EDITION STATEMENT
Edition statement Huitième èdition
Remainder of edition statement Revue etaugmentèe
264 #1 - PRODUCTION, PUBLICATION, DISTRIBUTION, MANUFACTURE, AND COPYRIGHT NOTICE
Place of production, publication, distribution, manufacture Paris :
Name of producer, publisher, distributor, manufacturer Marcel Giard,
Date of production, publication, distribution, manufacture, or copyright notice 1921.
300 ## - PHYSICAL DESCRIPTION
Extent 497 page ;
Dimensions 24 cm.
Other physical details illustration ;
336 ## - CONTENT TYPE
Source rda contenu
Content type term texte
337 ## - MEDIA TYPE
Source rda medias
Media type term Ordinateur
338 ## - CARRIER TYPE
Source transporteur rda
Carrier type term Ressource en ligne
490 ## - SERIES STATEMENT
Series statement a Bibliothèque internationale d'économie politique ;
Volume/sequential designation Tome 2.
504 ## - BIBLIOGRAPHY, ETC. NOTE
Bibliography, etc. note Bibliography: pages 200-250. 240-220
546 ## - LANGUAGE NOTE
Language note Texte en français
650 14 - SUBJECT ADDED ENTRY--TOPICAL TERM
Topical term or geographic name entry element Finances publiques et legislation fiscale
Source of heading or term qrmak
651 1# - SUBJECT ADDED ENTRY--GEOGRAPHIC NAME
Source of heading or term qrmak
700 1# - ADDED ENTRY--PERSONAL NAME
Personal name Stieda, Wilhelm
Relator term Éditeur
700 1# - ADDED ENTRY--PERSONAL NAME
Personal name Hallier, M. P.,
Relator term Traducteur
856 40 - ELECTRONIC LOCATION AND ACCESS
Uniform Resource Identifier <a href="https://fll.law.cu.edu.eg/fulltext/bks/B13-08583.pdf">https://fll.law.cu.edu.eg/fulltext/bks/B13-08583.pdf</a>
905 ## - Cataloger and Reviser Names
Cataloger Name: Abdulrhman Sobhy
Revisor Name: Hassnaa
942 ## - ADDED ENTRY ELEMENTS (KOHA)
Source of classification or shelving scheme Dewey Decimal Classification
Koha item type Books
Edition 21
Suppress in OPAC No
Holdings
Withdrawn status Lost status Source of classification or shelving scheme Materials specified (bound volume or other part) Damaged status Not for loan Collection Home library Current library Date acquired Total checkouts Full call number Barcode Date last seen Copy number Price effective from Koha item type
    Dewey Decimal Classification V2   Not for loan المالية العامة والتشريع الضريبي جــــامعة القــاهرة مكتبة كلية الحقوق - المبنى الرئيسي 04.12.2025   Law1 13 338 RO . É 8 ed - 1921 1308583 V2, C1 B13-08583 04.12.2025 1 04.12.2025 Books
    Dewey Decimal Classification V2     المالية العامة والتشريع الضريبي جــــامعة القــاهرة مكتبة كلية الحقوق - المبنى الرئيسي 13.12.2025   Law1 13 338 RO . É 8 ed - 1921 1309662 V2, C2 B13-08662 13.12.2025 2 13.12.2025 Books
    Dewey Decimal Classification V2     المالية العامة والتشريع الضريبي جــــامعة القــاهرة مكتبة كلية الحقوق - فـرع الشيخ زايد 25.01.2026   Law2 13 338 RO . É 8 ed - 1921 1310661 C3 B13-10661 25.01.2026 3 25.01.2026 Books

© All rights reserved — Faculty of Law, Cairo University